00443 a2200193 4500260001200000100002600012700002400038260001000062300001000072245006500082650001400147650002300161650002000184650001000204260000900214130000700223500000900230040001000239 aCotonou aALABAH, O. A. Hermann aALLABI, JEan Luc A. bENEAM b127 p aAutomatisation du suivi des crédits en souffrance au PADME aMARKETING aACTION COMMERCIALE aSUIVI DE CREDIT aPADME c2007 lFr a1 ex aENEAM